[Event "Mlada Boleslav Region-ch"]
[Site "Mlada Boleslav"]
[Date "2015.06.21"]
[Round "7"]
[White "Blaha, Martin1111"]
[Black "Bohunek, Jan"]
[Result "1/2-1/2"]
[WhiteElo "1228"]
[BlackElo "1416"]
[PlyCount "79"]
[EventDate "2015.06.20"]
[EventType "swiss"]
[EventRounds "7"]
[EventCountry "CZE"]
[SourceTitle "EXT 2017"]
[Source "ChessBase"]
[SourceDate "2016.10.25"]
[SourceVersion "1"]
[SourceVersionDate "2016.10.25"]
[SourceQuality "1"]

1. e4 e5 2. Nf3 Nc6 3. Bb5 Bc5 4. 0-0 d6 5. Nc3 Bg4 6. d3 h6 7. h3 Bh5 8. Qe2 Nf6 9. Be3 Bb4 10. Bd2 0-0 11. a3 Nd4 12. Qd1 Bxf3 13. gxf3 Bxc3 14. Bxc3 Nxb5 15. Bb4 c5 16. Bd2 Nh7 17. Kh2 Ng5 18. Rg1 f6 19. Bxg5 fxg5 20. c3 Kh8 21. Rg3 Rf4 22. Qe2 Qd7 23. Rag1 Raf8 24. Kg2 Nc7 25. Rh1 d5 26. Rf1 b5 27. Qd1 c4 28. dxc4 bxc4 29. Qe2 dxe4 30. fxe4 Qd3 31. Rxd3 cxd3 32. Qxd3 R4f6 33. f3 Rb6 34. Rf2 Ne6 35. Qe3 Rd8 36. Rd2 Rdb8 37. Qf2 a5 38. Kg3 R8b7 39. Qe2 h5 40. Qc4 1/2-1/2